Strategic Military Deception (Record no. 10684)

000 -LEADER
fixed length control field 00448 a2200145 4500
020 ## - INTERNATIONAL STANDARD BOOK NUMBER
International Standard Book Number 0080272193
082 ## - DEWEY DECIMAL CLASSIFICATION NUMBER
Classification number 355.43
110 ## - MAIN ENTRY--CORPORATE NAME
Corporate name or jurisdiction name as entry element Daniel, Donald C.
245 ## - TITLE STATEMENT
Title Strategic Military Deception
Statement of responsibility, etc. Donald C. Daniel
260 ## - PUBLICATION, DISTRIBUTION, ETC.
Place of publication, distribution, etc. New York:
Name of publisher, distributor, etc. Pergamon Press,
Date of publication, distribution, etc. c1985.
300 ## - PHYSICAL DESCRIPTION
Extent xiii. 378p:
Other physical details ill. ;
Dimensions 20cm
650 ## - SUBJECT ADDED ENTRY--TOPICAL TERM
Topical term or geographic name entry element Strategy-addresses, essays, lectures
General subdivision Deception-addresses, essays, lectures
655 ## - INDEX TERM--GENRE/FORM
Genre/form data or focus term includes indes.
942 ## - ADDED ENTRY ELEMENTS (KOHA)
Koha item type Book
Call number prefix 355.43 DAN
Holdings
Withdrawn status Lost status Damaged status Not for loan Permanent Location Current Location Date acquired Total Checkouts Full call number Barcode Date last seen Date last checked out Price effective from Koha item type
        Central Library (CL) Central Library (CL) 12/14/2023 2 355.43 DAN SEECSD00424 01/08/2024 12/14/2023 11/14/2012 Book
© 2023 Central Library, National University of Sciences and Technology. All Rights Reserved.